00391nam a2200157Ia 45000010006000000050017000060080041000230410008000640820016000721000025000882450067001132600009001803000028001896500008002176540008002251563620260306170210.0260306t2016||||xx |||||||||||||| ||und|| aESP a553.7bG366 aGooley, TristaneAUT 0aHow to read water:bclues and patterns from puddles to the sea c2016 a393 páginas :c19 cm. aGEN aCCN